Best books for children : (Record no. 344763)
[ view plain ]
| 000 -LEADER | |
|---|---|
| fixed length control field | 00752nam a2200289Ia 4500 |
| 008 - FIXED-LENGTH DATA ELEMENTS--GENERAL INFORMATION | |
| fixed length control field | 171025s9999 xx 000 0 und d |
| 020 ## - INTERNATIONAL STANDARD BOOK NUMBER | |
| International Standard Book Number | 380794381 |
| 050 ## - LIBRARY OF CONGRESS CALL NUMBER | |
| Classification number | 11.62 |
| 050 ## - LIBRARY OF CONGRESS CALL NUMBER | |
| Item number | L676 1998 |
| 100 ## - MAIN ENTRY--PERSONAL NAME | |
| Personal name | Lewis, Valerie |
| 245 ## - TITLE STATEMENT | |
| Title | Best books for children : |
| 245 ## - TITLE STATEMENT | |
| Remainder of title | a lively, opinionated guide / |
| 245 ## - TITLE STATEMENT | |
| Statement of responsibility, etc | by Valerie Lewis and Walter M. Mayers. |
| 260 ## - PUBLICATION, DISTRIBUTION, ETC. (IMPRINT) | |
| Place of publication, distribution, etc | New York : |
| 260 ## - PUBLICATION, DISTRIBUTION, ETC. (IMPRINT) | |
| Name of publisher, distributor, etc | Avon Books, |
| 260 ## - PUBLICATION, DISTRIBUTION, ETC. (IMPRINT) | |
| Date of publication, distribution, etc | 1998 |
| 300 ## - PHYSICAL DESCRIPTION | |
| Extent | 708 pages : |
| 300 ## - PHYSICAL DESCRIPTION | |
| Other physical details | illustrations ; |
| 300 ## - PHYSICAL DESCRIPTION | |
| Dimensions | 23cm. |
| 500 ## - GENERAL NOTE | |
| General note | Includes appendix and index. |
| 650 ## - SUBJECT ADDED ENTRY--TOPICAL TERM | |
| Topical term or geographic name as entry element | Children -- |
| 650 ## - SUBJECT ADDED ENTRY--TOPICAL TERM | |
| Topical term or geographic name as entry element | Children's literature -- |
| 650 ## - SUBJECT ADDED ENTRY--TOPICAL TERM | |
| General subdivision | Bibliography. |
| 650 ## - SUBJECT ADDED ENTRY--TOPICAL TERM | |
| General subdivision | Books and reading. |
| 700 ## - ADDED ENTRY--PERSONAL NAME | |
| Personal name | Mayers, Walter M. |
| 700 ## - ADDED ENTRY--PERSONAL NAME | |
| Personal name | Title. |
| Withdrawn status | Lost status | Damaged status | Home library | Current library | Date acquired | Total Checkouts | Full call number | Barcode | Date last seen | Price effective from | Koha item type |
|---|---|---|---|---|---|---|---|---|---|---|---|
| Stonyhurst Southville International School (Malarayat) | Stonyhurst Southville International School (Malarayat) | 10/25/2017 | NF 011.62 L676 1998 | SSISM3816 | 10/25/2017 | 10/25/2017 | Books |